|
|
|
|
| LEADER |
01538nam a2200265 a 4500 |
| 001 |
1707878 |
| 008 |
100124r19691930nyu b 000 0 eng d |
| 010 |
|
|
|a 69018159
|
| 040 |
|
|
|a DLC
|c DLC
|d DLC
|d DB-DhAAL
|
| 082 |
0 |
0 |
|a 301
|
| 100 |
1 |
|
|a Cooley, Charles Horton,
|d 1864-1929.
|
| 245 |
1 |
0 |
|a Sociological theory and social research :
|b being selected papers of Charles Horton Cooley /
|c With an introd. and notes by Robert Cooley Angell.
|
| 250 |
|
|
|a Rev. and extended.
|
| 260 |
|
|
|a New York ;
|b A. M. Kelley,
|c 1969.[reprinted]
|
| 300 |
|
|
|a xv, 345 p. ;
|c 22 cm.
|
| 490 |
0 |
|
|a Man in society
|
| 490 |
0 |
|
|a Reprints of economic classics.
|
| 500 |
|
|
|a Reprint of the 1930 ed.
|
| 505 |
0 |
|
|a The development of sociology at Michigan.--The theory of transportation.--Genius, fame and the comparison of races.--Personal competition.--A study of the use of self-words by a child.--Political economy and social process. Reflections upon the sociology of Herbert Spencer.--Now and then.--The roots of social knowledge.--Case study of small institutions as a method of research.--Summer and methodology.--The life-study method as applied to rural social research.--Bibliography of Charles Horton Cooley's writings (p. 343-345)
|
| 541 |
1 |
|
|e 00000186
|
| 650 |
|
0 |
|a Sociology.
|
| 700 |
1 |
|
|a Angell, Robert Cooley,
|d 1899-
|e ed.
|
| 852 |
4 |
|
|a Ayesha Abed Library
|j General Shelf.
|
| 999 |
|
|
|c 7130
|d 7130
|
| 952 |
|
|
|0 0
|1 0
|2 ddc
|4 0
|6 301_COO_196900000000000
|7 0
|9 7405
|a BRACUL
|b BRACUL
|c GEN
|d 2010-01-24
|g 1017.50
|l 0
|o 301 COO
|p 3010000186
|r 2010-01-24
|t 1
|w 2010-01-24
|y BK
|